Business intelligence and analytics: Systems for decision support (Record no. 396935)

MARC details
000 -LEADER
fixed length control field 00619 a2200229 4500
005 - DATE & TIME
control field 20260406125027.0
008 - FIXED-LENGTH DATA ELEMENTS--GENERAL INFORMATION
fixed length control field 260406b |||||||| |||| 00| 0 eng d
020 ## - ISBN
International Standard Book Number 9789352866489
Price Rs. 1000.00
040 ## - CATALOGING SOURCE
Original cataloging agency VIVEKANANDA LIBRARY
082 ## - DDC NUMBER
Classification number 658.403
Book Number T841B(10)
100 ## - MAIN ENTRY--PERSONAL NAME
Personal name Turban, Efraim
245 ## - TITLE STATEMENT
Title Business intelligence and analytics: Systems for decision support
250 ## - EDITION STATEMENT
Edition statement 10th
260 ## - PUBLICATION, DISTRIBUTION, ETC. (IMPRINT)
Name of publisher, distributor, etc Pearson India
Place of publication, distribution, etc Noida
Date of publication, distribution, etc 2025
300 ## - PHYSICAL DESCRIPTION
Pages 686
650 ## - Subject
Subject Management
650 ## - Subject
Subject Information Management
650 ## - Subject
Subject Business Intelligence
700 ## - Added Entry Personal Name
Added Entry Personal Name Sharda, Ramesh
700 ## - Added Entry Personal Name
Added Entry Personal Name Delen, Dursun
942 ## - ADDED ENTRY ELEMENTS (KOHA)
Koha item type Books
Holdings
Withdrawn status Lost status Source of classification or shelving scheme Damaged status Not for loan Location (home branch) Sublocation or collection (holding branch) Shelving location Date acquired Koha issues (times borrowed) Koha full call number Accession No. Koha date last seen Koha item type
    Dewey Decimal Classification     VIVEKANANDA LIBRARY VIVEKANANDA LIBRARY IMSAR Library 30/03/2026   658.403 T841B(10) 421054 30/03/2026 Books
    Dewey Decimal Classification     VIVEKANANDA LIBRARY VIVEKANANDA LIBRARY IMSAR Library 30/03/2026   658.403 T841B(10) 421053 30/03/2026 Books
    Dewey Decimal Classification     VIVEKANANDA LIBRARY VIVEKANANDA LIBRARY IMSAR Library 30/03/2026   658.403 T841B(10) 421055 30/03/2026 Books
    Dewey Decimal Classification     VIVEKANANDA LIBRARY VIVEKANANDA LIBRARY IMSAR Library 30/03/2026   658.403 T841B(10) 421051 30/03/2026 Books
    Dewey Decimal Classification     VIVEKANANDA LIBRARY VIVEKANANDA LIBRARY IMSAR Library 30/03/2026   658.403 T841B(10) 421052 30/03/2026 Books
© Designed and Maintained by Vivekananda Library, MDU Rohtak